000 00912nam a2200265 a 4500
001 59212
003 BD-RjUL
005 20211209080715.0
008 161222s1962 ii a 00110 eng d
035 _a(BD-RjUL)59336
040 _aANL
_beng
_dANL
_dBD-RjUL
_cBD-RjUL
041 _aeng
082 _223
_a923.254
_bGOS 1962
100 1 _aGokhale, Gopal Krishna.
_9176104
245 1 0 _aSpeeches and writings of Gopal Krishna Gokhale /
_cR. P. Patwardhan and D. V. Ambekar.
260 _aBombay :
_bAsia Publishing House,
_cc1962.
300 _av. :
_bill. ;
_c24 cm.
500 _aIncludes index.
505 0 _av.1, Economics - v.2. Political. - v.3. Educational.
650 _aPolitics and government -- 1765-1947.
_zIndia
_9176731
651 0 _aIndia
_xHistory
_yBritish occupation, 1765-1947
_xSources.
_9176106
700 1 _aPatwardhan, R. P.
_9176107
700 1 _aAmbekar, D V,
_9176108
942 _2ddc
_cBK
999 _c59212
_d59212